[Event "Mumbai Wealth U13 op 5th"]
[Site "Mumbai"]
[Date "2020.01.02"]
[Round "4"]
[White "Mevada, Malay"]
[Black "Yash, Amit Manjrekar"]
[Result "1-0"]
[WhiteElo "1362"]
[BlackElo "1001"]
[PlyCount "57"]
[EventDate "2019.12.30"]
[EventType "swiss"]
[EventRounds "9"]
[EventCountry "IND"]
[SourceTitle "CBM 194 Extra"]
[Source "ChessBase"]
[SourceDate "2020.03.31"]
[SourceVersion "1"]
[SourceVersionDate "2020.03.31"]
[SourceQuality "1"]

1. e4 d6 2. d4 Nf6 3. Nc3 g6 4. Be3 Bg7 5. Qd2 h5 6. f4 Ng4 7. Nf3 Nxe3 8. Qxe3 Nd7 9. Bc4 e6 10. 0-0 0-0 11. Rad1 Re8 12. e5 d5 13. Bd3 Qe7 14. Ne2 c6 15. h3 b5 16. g4 hxg4 17. hxg4 Nf8 18. Ng3 f5 19. gxf5 gxf5 20. Kf2 Ng6 21. Rg1 Bh6 22. Nh5 Kf7 23. Ng5+ Bxg5 24. Rxg5 Rh8 25. Qg3 Qb4 26. Rxg6 Rxh5 27. Rg7+ Ke8 28. Qg6+ Kf8 29. Qf7# 1-0